000 00722nam a2200217Ia 4500
001 10225
003 GE_BSU
008 181216s||||||||xx |||||||||||||| ||und||
040 _cGE_BSU
080 _a821.353.1–32
100 _aსამსონია,ალექსანდრე
245 _aორმოცწლიანთა კლუბი
245 _bმოთხრობები
245 _cრედ.ლ.ბეჟანიძე.მხატვ. ჯ.მიქელაძე
260 _aბათუმი
260 _bსაბჭოთა აჭარა
260 _c1978
300 _a176გვ.20სმ.
653 _aორმოცწლიანთა კლუბი
942 _cBK
999 _c43494
_d43494